000 00320 a2200145 4500
001 149913
040 _cEscola São Tomás de Aquino
100 _aSANTOS, José
240 1 0 _aQuadrinhas para miúdos
_lpor
245 1 0 _aQuadrinhas para miúdos
362 0 _a2012
440 1 _aFTD
697 _aPoesia
942 _cBK
999 _c149913
_d149913